[Event "19th SLO-ch"]
[Site "Otocec SLO"]
[Date "2009.08.??"]
[Round "6"]
[White "Srebrnic, Marko"]
[Black "Mencinger, Vojko"]
[Result "1/2-1/2"]
[WhiteElo "2333"]
[BlackElo "2411"]
[PlyCount "175"]
[EventDate "2009.08.09"]

1. e4 c5 2. Nc3 Nc6 3. Bb5 Nd4 4. Nf3 a6 5. Bc4 e6 6. Nxd4 cxd4 7. Ne2 Nf6 8. d3 Bc5 9. O-O d5 10. exd5 Nxd5 11. c3 dxc3 12. bxc3 O-O 13. d4 Be7 14. a4 Bf6 15. Qb3 Re8 16. Nf4 Nc7 17. Rd1 b5 18. Be2 Bd7 19. axb5 axb5 20. Rxa8 Qxa8 21. Nd3 Bc6 22. Bf1 Bd5 23. Qb2 Qa4 24. Re1 Bc4 25. Bf4 Qa7 26. Bxc7 Qxc7 27. Ne5 Bxf1 28. Kxf1 Rc8 29. Qxb5 Qxc3 30. Qd7 Qc7 31. Qxc7 Rxc7 32. Rb1 g5 33. Ke2 Bxe5 34. dxe5 Rc5 35. h3 Rxe5+ 36. Kf3 Kg7 37. g3 h5 38. Rb4 Rc5 39. Ra4 Kg6 40. Ra7 Rc4 41. Ra5 h4 42. g4 Rc3+ 43. Kg2 Rd3 44. Rb5 Rd5 45. Rb6 Re5 46. Rb8 f5 47. Rg8+ Kf6 48. gxf5 Rxf5 49. Ra8 Rf4 50. Rf8+ Ke5 51. Rg8 Kf5 52. Rf8+ Ke4 53. Rg8 Rf5 54. Ra8 Rd5 55. Rf8 Rd4 56. Rg8 Kf5 57. Rf8+ Kg6 58. Rg8+ Kf6 59. Rf8+ Kg7 60. Re8 Kf7 61. Rh8 Rf4 62. Rh7+ Kf6 63. Rh8 Ke5 64. Rg8 Kf5 65. Rf8+ Ke4 66. Rg8 Rf5 67. Ra8 Rd5 68. Rf8 Kd4 69. Rg8 Kd3 70. Rg6 Re5 71. Rg8 Ke2 72. Ra8 Re4 73. Ra2+ Kd3 74. Ra3+ Kd4 75. Ra4+ Ke5 76. Ra5+ Kf6 77. Ra8 g4 78. Rh8 gxh3+ 79. Kxh3 Kg5 80. Rg8+ Kf5 81. Rh8 Rf4 82. Rf8+ Ke4 83. Rxf4+ Kxf4 84. Kxh4 e5 85. Kh5 e4 86. Kg6 Kf3 87. Kf5 Kxf2 88. Kxe4 1/2-1/2

[Event "19th SLO-ch"]
[Site "Otocec SLO"]
[Date "2009.08.??"]
[Round "6"]
[White "Zorko, Jure"]
[Black "Gostisa, Leon"]
[Result "1/2-1/2"]
[WhiteElo "2402"]
[BlackElo "2423"]
[PlyCount "132"]
[EventDate "2009.08.09"]

1. e4 c5 2. Nf3 d6 3. d4 cxd4 4. Nxd4 Nf6 5. Nc3 Nc6 6. Bc4 Qb6 7. Nb3 e6 8. Be3 Qc7 9. f4 a6 10. Bd3 Be7 11. Qf3 b5 12. O-O Rb8 13. Nd4 Nxd4 14. Bxd4 b4 15. Ne2 O-O 16. e5 Ne8 17. Qh5 g6 18. Rf3 dxe5 19. Bxe5 Qc5+ 20. Kh1 Bf6 21. Qh6 Bxe5 22. Rh3 Nf6 23. fxe5 Qxe5 24. Rf1 Nh5 25. Rff3 f5 26. Re3 Qf6 27. Nf4 Qxb2 28. Bf1 Rb7 29. Nxh5 gxh5 30. Rhg3+ Kf7 31. Qxh7+ Ke8 32. Rxe6+ Bxe6 33. Qxb7 Qd4 34. Rg7 Bf7 35. Rg3 Bd5 36. Qc8+ Ke7 37. Qc7+ Ke6 38. Rg7 Qf6 39. Qb6+ Ke5 40. Qe3+ Be4 41. Rd7 Qc6 42. Qd4+ Kf4 43. Qd2+ Ke5 44. Qd4+ Kf4 45. Kg1 Rf6 46. Qf2+ Ke5 47. Qd4+ Kf4 48. Qf2+ Ke5 49. Qd4+ Kf4 50. Qd2+ Ke5 51. Re7+ Re6 52. Rh7 Rd6 53. Qf2 Qb6 54. Re7+ Kd5 55. Qxb6 Rxb6 56. Ra7 Bxc2 57. Bxa6 Kd4 58. Rc7 Be4 59. Be2 h4 60. Kf2 Rg6 61. Rc4+ Kd5 62. g3 hxg3+ 63. hxg3 Rb6 64. Ke3 b3 65. axb3 Rxb3+ 66. Kf2 Ke5 1/2-1/2

[Event "19th SLO-ch"]
[Site "Otocec SLO"]
[Date "2009.08.??"]
[Round "7"]
[White "Gostisa, Leon"]
[Black "Skoberne, Jure"]
[Result "0-1"]
[WhiteElo "2423"]
[BlackElo "2492"]
[PlyCount "79"]
[EventDate "2009.08.09"]

1. d4 d5 2. Nf3 Nf6 3. c4 c6 4. Nc3 dxc4 5. a4 Bf5 6. Ne5 Nbd7 7. Nxc4 Qc7 8. g3 e5 9. dxe5 Nxe5 10. Bf4 Nfd7 11. Bg2 g5 12. Bxe5 Nxe5 13. Nxe5 Qxe5 14. O-O a5 15. e4 Be6 16. Qh5 O-O-O 17. Rad1 Bg7 18. Bh3 h6 19. Bxe6+ Qxe6 20. Qf3 Rhe8 21. Rfe1 Kb8 22. Rxd8+ Rxd8 23. Rd1 Rd4 24. Rxd4 Bxd4 25. Qd3 Qd6 26. Qf3 Qf6 27. Qe2 Bxc3 28. bxc3 Qxc3 29. Qd1 Kc7 30. Kg2 Qc4 31. f3 b5 32. axb5 cxb5 33. Qg1 Kb7 34. Qd1 Qa2+ 35. Kh3 Qe6+ 36. Kg2 a4 37. Qd3 Ka6 38. h4 gxh4 39. gxh4 Qc6 40. e5 0-1

[Event "19th SLO-ch"]
[Site "Otocec SLO"]
[Date "2009.08.??"]
[Round "7"]
[White "Jelen, Igor"]
[Black "Zorko, Jure"]
[Result "1/2-1/2"]
[WhiteElo "2384"]
[BlackElo "2402"]
[PlyCount "38"]
[EventDate "2009.08.09"]

1. d4 Nf6 2. c4 e6 3. Nc3 Bb4 4. Qc2 O-O 5. a3 Bxc3+ 6. Qxc3 b6 7. Bg5 Bb7 8. e3 d6 9. Ne2 Nbd7 10. Qd3 h6 11. Bh4 c5 12. Nc3 Qe7 13. Be2 cxd4 14. Qxd4 e5 15. Qd2 g5 16. Bg3 Nc5 17. Rd1 Nce4 18. Nxe4 Nxe4 19. Qd3 f5 1/2-1/2

[Event "19th SLO-ch"]
[Site "Otocec SLO"]
[Date "2009.08.??"]
[Round "7"]
[White "Kokol, Peter"]
[Black "Sebenik, Matej"]
[Result "0-1"]
[WhiteElo "2346"]
[BlackElo "2482"]
[PlyCount "82"]
[EventDate "2009.08.09"]

1. e4 e6 2. d4 d5 3. Nc3 Nf6 4. Bg5 dxe4 5. Nxe4 Be7 6. Bxf6 gxf6 7. Nf3 f5 8. Ng3 h5 9. h4 c5 10. dxc5 Nd7 11. Qd4 Bf6 12. Qb4 a5 13. Qa3 a4 14. O-O-O Qa5 15. Nxf5 exf5 16. Rd5 Nf8 17. Bc4 Be6 18. Re1 Be7 19. Qe3 Ng6 20. Ne5 f4 21. Qe2 Bxd5 22. Nxg6 Qxc5 23. Qe5 fxg6 24. Qxh8+ Kd7 25. Qxa8 Qxc4 26. Rd1 Bd6 27. Qa5 Be4 28. Qd2 Kc8 29. f3 Bf5 30. Kb1 Bc7 31. Re1 b5 32. a3 Be6 33. Kc1 Bb6 34. Qd6 Be3+ 35. Kd1 Qd5+ 36. Qxd5 Bxd5 37. Rxe3 fxe3 38. Ke2 Kd7 39. Kxe3 Ke6 40. g4 Ke5 41. f4+ Ke6 0-1

[Event "19th SLO-ch"]
[Site "Otocec SLO"]
[Date "2009.08.??"]
[Round "7"]
[White "Mencinger, Vojko"]
[Black "Lenic, Luka"]
[Result "1/2-1/2"]
[WhiteElo "2411"]
[BlackElo "2565"]
[PlyCount "128"]
[EventDate "2009.08.09"]

1. e4 c5 2. Nf3 e6 3. d4 cxd4 4. Nxd4 a6 5. Bd3 Bc5 6. Nb3 Be7 7. c4 d6 8. Nc3 Nf6 9. Be3 b6 10. O-O Bb7 11. Rc1 Nbd7 12. f3 Qc7 13. Rf2 Rc8 14. Bf1 h5 15. a4 h4 16. a5 bxa5 17. Ra1 Rh5 18. Kh1 Kf8 19. Rd2 Kg8 20. Bf4 Ne8 21. Na4 Bc6 22. c5 Bxa4 23. cxd6 Bxd6 24. Bxd6 Nxd6 25. Rxa4 Nc5 26. Ra1 Nxb3 27. Qxb3 Nb5 28. Qe3 Rc5 29. f4 e5 30. fxe5 Rxe5 31. Rd5 Rce8 32. Rxe5 Rxe5 33. Qf4 g5 34. Qd2 Nd6 35. Bd3 Qc5 36. h3 Kg7 37. Ra4 Qb6 38. Kh2 Qc5 39. Kh1 Kh6 40. Kh2 Qc7 41. Kh1 Kg7 42. Kg1 Ne8 43. Bxa6 Nf6 44. Bd3 Qc6 45. Rc4 Qb6+ 46. Kh1 Nh5 47. Qc3 Ng3+ 48. Kh2 Qf6 49. Rc5 Rxc5 50. Qxc5 Qf4 51. Kg1 Kg8 52. Qc8+ Kg7 53. Qc5 Qf6 54. e5 Qf4 55. e6 fxe6 56. Qe7+ Kg8 57. Qe8+ Kg7 58. Qe7+ Kg8 59. Qxe6+ Kf8 60. Qc8+ Ke7 61. Qc5+ Kf6 62. Qc6+ Ke7 63. Qc5+ Kf6 64. Qc6+ Ke7 1/2-1/2

[Event "19th SLO-ch"]
[Site "Otocec SLO"]
[Date "2009.08.??"]
[Round "7"]
[White "Tratar, Marko"]
[Black "Srebrnic, Marko"]
[Result "1-0"]
[WhiteElo "2494"]
[BlackElo "2333"]
[PlyCount "81"]
[EventDate "2009.08.09"]

1. d4 d6 2. Nf3 g6 3. c4 Bg7 4. Nc3 Nd7 5. e4 e5 6. Be2 Ngf6 7. Be3 O-O 8. d5 a5 9. Nd2 Ne8 10. O-O f5 11. f3 f4 12. Bf2 g5 13. a3 h5 14. b4 Ndf6 15. c5 g4 16. Kh1 Rf7 17. Nc4 Bf8 18. b5 Rg7 19. b6 g3 20. bxc7 Nxc7 21. cxd6 Bxd6 22. Nxd6 Qxd6 23. Bg1 h4 24. Re1 h3 25. Bf1 hxg2+ 26. Bxg2 b5 27. Qc2 Bd7 28. Ne2 Kf7 29. Nxf4 Rh8 30. Nd3 Bh3 31. Re2 Bxg2+ 32. Rxg2 Nh5 33. Qc5 Qd8 34. Nxe5+ Kg8 35. Ng4 Nf4 36. Rxg3 Ne2 37. Rg2 Nf4 38. Bd4 Rg6 39. Bxh8 Nxg2 40. Be5 Na6 41. Qf2 1-0

[Event "19th SLO-ch"]
[Site "Otocec SLO"]
[Date "2009.08.??"]
[Round "8"]
[White "Lenic, Luka"]
[Black "Sebenik, Matej"]
[Result "1/2-1/2"]
[WhiteElo "2565"]
[BlackElo "2482"]
[PlyCount "38"]
[EventDate "2009.08.09"]

1. d4 Nf6 2. c4 g6 3. Nc3 Bg7 4. e4 d6 5. f3 c6 6. Be3 a6 7. a4 a5 8. Bd3 Na6 9. Rc1 O-O 10. Nge2 e5 11. O-O Nd7 12. Bb1 Qe7 13. Qd2 exd4 14. Nxd4 Re8 15. Rcd1 Ndc5 16. Rfe1 Bd7 17. Bc2 Nb4 18. Bf2 Qf8 19. Bb1 Rad8 1/2-1/2

[Event "19th SLO-ch"]
[Site "Otocec SLO"]
[Date "2009.08.??"]
[Round "8"]
[White "Mencinger, Vojko"]
[Black "Tratar, Marko"]
[Result "1-0"]
[WhiteElo "2411"]
[BlackElo "2494"]
[PlyCount "41"]
[EventDate "2009.08.09"]

1. e4 e6 2. d4 d5 3. e5 c5 4. c3 Nc6 5. Nf3 Nh6 6. Bd3 f6 7. O-O Nf7 8. Re1 g5 9. exf6 Qxf6 10. Bb5 a6 11. Bxc6+ bxc6 12. Ne5 Nxe5 13. dxe5 Qg6 14. Qa4 Bd7 15. Qa5 Qf5 16. Na3 Bg7 17. Qxc5 Bxe5 18. Nc4 Bc7 19. Nd6+ Bxd6 20. Qxd6 Rf8 21. Be3 1-0

[Event "19th SLO-ch"]
[Site "Otocec SLO"]
[Date "2009.08.??"]
[Round "8"]
[White "Skoberne, Jure"]
[Black "Jelen, Igor"]
[Result "1-0"]
[WhiteElo "2492"]
[BlackElo "2384"]
[PlyCount "105"]
[EventDate "2009.08.09"]

1. d4 Nf6 2. c4 g6 3. Nf3 Bg7 4. Nc3 d5 5. Bg5 Ne4 6. cxd5 Nxg5 7. Nxg5 e6 8. Qd2 exd5 9. Qe3+ Kf8 10. Qf4 Bf6 11. h4 h6 12. Nf3 Be6 13. O-O-O Nd7 14. e3 c6 15. Bd3 Qb8 16. Ne2 Kg7 17. h5 g5 18. Qxb8 Raxb8 19. Ng3 Rhe8 20. Nf5+ Bxf5 21. Bxf5 Nb6 22. Nd2 Nc8 23. Bd7 Re7 24. Bxc8 Rxc8 25. Nf1 c5 26. Ng3 cxd4+ 27. Kb1 Kh7 28. exd4 Rc4 29. f3 Re6 30. Nf5 Re2 31. Rhe1 Rf2 32. Re3 Rb4 33. b3 Rxg2 34. Red3 Rb6 35. R3d2 Rxd2 36. Rxd2 Bg7 37. Ne7 Rf6 38. Rd3 Rf4 39. Nxd5 Rxd4 40. Rxd4 Bxd4 41. Ne7 Kg7 42. Nf5+ Kf6 43. Nxd4 Ke5 44. Ne2 f5 45. Kc2 g4 46. fxg4 fxg4 47. Kd3 Kf5 48. Ke3 Kg5 49. Ng3 b6 50. a4 a5 51. Ke4 Kh4 52. Kf4 Kh3 53. Nf5 1-0

[Event "19th SLO-ch"]
[Site "Otocec SLO"]
[Date "2009.08.??"]
[Round "8"]
[White "Zorko, Jure"]
[Black "Kokol, Peter"]
[Result "1-0"]
[WhiteElo "2402"]
[BlackElo "2346"]
[PlyCount "51"]
[EventDate "2009.08.09"]

1. e4 c5 2. c3 Nf6 3. e5 Nd5 4. d4 cxd4 5. Nf3 d6 6. cxd4 Nc6 7. Bc4 e6 8. O-O Be7 9. Qe2 O-O 10. Qe4 dxe5 11. dxe5 b6 12. Bd3 g6 13. Bh6 Re8 14. Nbd2 Ndb4 15. Bc4 Bb7 16. Qf4 Nd5 17. Bxd5 exd5 18. Rfe1 Bc8 19. Rad1 Qc7 20. Rc1 Qb7 21. Ng5 Be6 22. Rc3 Rac8 23. h4 Bxg5 24. Bxg5 h5 25. Bf6 Ne7 26. Qh6 1-0

[Event "19th SLO-ch"]
[Site "Otocec SLO"]
[Date "2009.08.??"]
[Round "9"]
[White "Gostisa, Leon"]
[Black "Mencinger, Vojko"]
[Result "1/2-1/2"]
[WhiteElo "2423"]
[BlackElo "2411"]
[PlyCount "108"]
[EventDate "2009.08.09"]

1. d4 Nf6 2. Nf3 e6 3. g3 d5 4. Bg2 Be7 5. O-O O-O 6. c4 c6 7. Qc2 b6 8. Rd1 Bb7 9. Nc3 Nbd7 10. b3 Rc8 11. e4 h6 12. Bb2 Qc7 13. Rac1 Rfd8 14. Qe2 dxe4 15. Nxe4 Nxe4 16. Qxe4 c5 17. Qe2 Bf6 18. dxc5 bxc5 19. Bxf6 Nxf6 20. Ne5 Bxg2 21. Kxg2 Rb8 22. Qe3 Rd6 23. Rxd6 Qxd6 24. Rc3 Rb6 25. Rd3 Qc7 26. Qf4 Rb8 27. Qe3 Rb6 28. g4 Rd6 29. Rxd6 Qxd6 30. h4 g6 31. Qf4 Qe7 32. Qxh6 Nd7 33. Nf3 e5 34. Qg5 Qe6 35. h5 e4 36. Nh4 Kh7 37. hxg6+ fxg6 38. Kh3 Ne5 39. Ng2 Nf3 40. Qf4 g5 41. Qc7+ Kg6 42. Qxc5 Qf6 43. Qf5+ Qxf5 44. gxf5+ Kxf5 45. c5 Ne5 46. b4 Nd3 47. c6 Ke6 48. b5 Nxf2+ 49. Kg3 Nd1 50. Kg4 Nc3 51. Kxg5 Nxb5 52. Kf4 Kd5 53. a4 Nc7 54. Ne3+ Kxc6 1/2-1/2

[Event "19th SLO-ch"]
[Site "Otocec SLO"]
[Date "2009.08.??"]
[Round "9"]
[White "Jelen, Igor"]
[Black "Srebrnic, Marko"]
[Result "1/2-1/2"]
[WhiteElo "2384"]
[BlackElo "2333"]
[PlyCount "80"]
[EventDate "2009.08.09"]

1. d4 d6 2. Nf3 g6 3. c4 Bg7 4. Nc3 Nf6 5. e4 O-O 6. Be2 c6 7. O-O Qc7 8. h3 e5 9. d5 c5 10. a3 Ne8 11. g4 Qe7 12. Bg5 f6 13. Bh4 Bh6 14. b4 b6 15. bxc5 bxc5 16. Kh1 Kh8 17. Rg1 Bf4 18. Bg3 Nd7 19. Bxf4 exf4 20. Qd2 g5 21. Rab1 Ne5 22. Nxe5 Qxe5 23. f3 Rf7 24. Nd1 Rb7 25. Rxb7 Bxb7 26. Qc3 Kg7 27. Qxe5 fxe5 28. Nc3 Ba6 29. Rb1 Kf6 30. Kg2 Ke7 31. Kf2 Kd7 32. Ke1 Kc8 33. Kd2 Rb8 34. Rxb8+ Kxb8 35. Nd1 Nf6 36. Kc3 Kc7 37. Nb2 Bc8 38. Nd3 Bd7 39. Bd1 Kb6 40. Nb2 Ka5 1/2-1/2

[Event "19th SLO-ch"]
[Site "Otocec SLO"]
[Date "2009.08.??"]
[Round "9"]
[White "Kokol, Peter"]
[Black "Skoberne, Jure"]
[Result "1/2-1/2"]
[WhiteElo "2346"]
[BlackElo "2492"]
[PlyCount "96"]
[EventDate "2009.08.09"]

1. e4 c5 2. Nf3 Nc6 3. Nc3 e5 4. Bc4 d6 5. d3 Be7 6. O-O Nf6 7. Ng5 O-O 8. f4 Bg4 9. Qe1 exf4 10. Bxf4 h6 11. Nf3 Bxf3 12. Rxf3 Nd4 13. Rh3 Nh7 14. Qd2 Bg5 15. Rf1 Kh8 16. Ne2 Nxe2+ 17. Qxe2 f5 18. Rhf3 fxe4 19. Qxe4 Bxf4 20. Rxf4 Rxf4 21. Rxf4 Rb8 22. d4 Nf6 23. Qg6 Qe7 24. g3 d5 25. Bd3 c4 26. Bf5 Re8 27. Kg2 Qe2+ 28. Rf2 Qe1 29. Qf7 Re2 30. Qf8+ Ng8 31. Bg4 Rxf2+ 32. Qxf2 Qe8 33. Qf5 Qb5 34. b3 cxb3 35. axb3 Qc6 36. Qc8 g5 37. Be6 Qxc8 38. Bxc8 b6 39. Bb7 Nf6 40. c4 dxc4 41. bxc4 a5 42. Bc6 Kg7 43. Kf3 Kf7 44. h4 Ke6 45. Ke3 Kd6 46. Bb5 Nh5 47. Kf3 Nf6 48. Ke3 Nh5 1/2-1/2

[Event "19th SLO-ch"]
[Site "Otocec SLO"]
[Date "2009.08.??"]
[Round "9"]
[White "Sebenik, Matej"]
[Black "Zorko, Jure"]
[Result "1-0"]
[WhiteElo "2482"]
[BlackElo "2402"]
[PlyCount "55"]
[EventDate "2009.08.09"]

1. d4 Nf6 2. c4 e6 3. Nf3 Bb4+ 4. Bd2 a5 5. g3 b6 6. Bg2 Bb7 7. O-O Bxd2 8. Qxd2 O-O 9. Qc2 Na6 10. Nc3 Nb4 11. Qb1 d6 12. a3 Na6 13. Qc2 Qe7 14. e4 Nd7 15. Rfe1 Rfd8 16. Rad1 c6 17. e5 dxe5 18. dxe5 Ndc5 19. Nd4 Rac8 20. f4 h6 21. Qf2 a4 22. f5 Nb3 23. f6 Qc5 24. Nxa4 Qa5 25. Nxb3 Qxa4 26. Qxb6 Rxd1 27. Rxd1 Nc5 28. Rd8+ 1-0

[Event "19th SLO-ch"]
[Site "Otocec SLO"]
[Date "2009.08.??"]
[Round "9"]
[White "Tratar, Marko"]
[Black "Lenic, Luka"]
[Result "1/2-1/2"]
[WhiteElo "2494"]
[BlackElo "2565"]
[PlyCount "36"]
[EventDate "2009.08.09"]

1. Nf3 c5 2. c4 Nc6 3. d4 cxd4 4. Nxd4 Nf6 5. Nc3 e6 6. a3 a6 7. e4 Qc7 8. Be3 Nxd4 9. Bxd4 Bd6 10. Qd3 Be5 11. Bxe5 Qxe5 12. Qg3 Qxg3 13. hxg3 d6 14. f3 Ke7 15. g4 g5 16. Be2 Bd7 17. Kf2 h5 18. gxh5 Rxh5 1/2-1/2